| 000 | 00620nam a22002177a 4500 | ||
|---|---|---|---|
| 005 | 20170124105935.0 | ||
| 010 | _aA-708530 | ||
| 020 |
_c00.00 _a1897829507 |
||
| 035 | _aA-708530 | ||
| 037 | _bCen Lib/Ret | ||
| 040 |
_aDPL _bEN |
||
| 082 |
_a230.31 _bKAN |
||
| 100 |
_aKanuga, G. B _99647 |
||
| 245 |
_aImmortal love of rama / _cby G. B. Kanuga |
||
| 260 |
_aNew Delhi _bLancer Publishers _c1993 |
||
| 270 |
_aB-3, Gulmohar Park _bNew Delhi _e110049 |
||
| 300 |
_axviii,526p. _c22cm(Hb) |
||
| 650 |
_aHindu religion _9110057 |
||
| 650 |
_aHinduism _9110058 |
||
| 942 |
_2ddc _cEN _h230.31 _mKAN |
||
| 999 |
_c124176 _d124176 |
||